Detalles MARC
| 000 -LIDER |
| fixed length control field |
00892nam a22002891 4500 |
| 001 - NÚMERO DE CONTROL |
| Identificador de número de control |
01107648 |
| 003 - IDENTIFICACDOR DE NÚMERO DE CONTROL |
| control field |
DO-SdBNP |
| 005 - DATE AND TIME OF LATEST TRANSACTION |
| control field |
20240716094857.0 |
| 007 - CAMPOS FIJOS DE DESCRIPCIÓN FÍSICA |
| fixed length control field |
01107648 |
| 008 - ELEMENTOS DE LONGITUD FIJA |
| fixed length control field |
920725s2009 sp spa |
| 017 ## - NÚMERO DE REGISTRO DE DERECHOS DE AUTOR |
| Copyright or legal deposit number |
|
| Assigning agency |
|
| 020 ## - ISBN |
| International Standard Book Number |
9788466212939 |
| 035 ## - NÚMERO LOCAL |
| System control number |
|
| 040 ## - FUENTE DE CATALOGACIÓN |
| Agencia que crea de manera original el registro |
BPMSU |
| Idioma de catalogación |
spa |
| Agencia que realiza la transcripción |
BPMSU |
| 082 #4 - NÚMERO DE CLASIFICACIÓN DECIMAL DE DEWEY |
| Classification number |
398.9 |
| Item number |
M678p 2009 |
| Edition number |
22 |
| 245 00 - MENCIÓN DE TITULO |
| Título |
Mis primeros refranes / |
| Mención de responsabilidad |
compilación Lucrecia Pérsico; ilustración Jorge de Juan |
| Medio (Designación general de material) |
|
| 260 ## - PUBLICACIÓN, DISTRIBUCIÓN, ETC. (PIE DE IMPRENTA) |
| Lugar de publicación, distribución, etc |
Madrid : |
| Nombre del editor, distribuidor, etc. |
Editorial Libsa, |
| Fecha de publicación, distribución, etc |
2009 |
| 300 ## - DESCRIPCIÓN FÍSICA |
| Extensión |
91 p. : |
| Otros detalles físicos |
il,. ; |
| Dimensiones |
29 cm |
| 590 ## - NOTA LOCAL |
| Texto de la nota local |
Inventariado, 2024/VM |
| 650 #4 - ENCABEZAMIENTO DE MATERIA--TEMÁTICO |
| Término temático o nombre geográfico como elemento de entrada |
Refranes y proverbios |
| Subdivisión temática general |
Literatura infantil |
| Subdivisión de forma |
|
| Fuente del encabezamiento o término |
|
| 650 #4 - ENCABEZAMIENTO DE MATERIA--TEMÁTICO |
| Término temático o nombre geográfico como elemento de entrada |
Libros ilustrados infantiles |
| 700 1# - ASIENTO SECUNDARIO -- NOMBRE PERSONAL |
| Nombre personal |
Pérsico, Lucrecia |
| Mención de responsabilidad |
compiladora |
| 700 1# - ASIENTO SECUNDARIO -- NOMBRE PERSONAL |
| Nombre personal |
Juan, Jorge de |
| Mención de responsabilidad |
ilustraciones |
| 710 2# - ASIENTO SECUNDARIO -- NOMBRE CORPORATIVO |
| Nombre corporativo o de jurisdicción |
Universidad de Puerto Rico |
| 910 ## - VALIDACIÓN |
| Validación |
VMateo V. Control de calidad. BPMSU |
| 942 ## - ADDED ENTRY ELEMENTS (KOHA) |
| Source of classification or shelving scheme |
Dewey Decimal Classification |
| Koha item type |
Libros |